00700nam a2200241 a 4500001001300000003000900013005001700022008004100039020000900080082001800089100002700107245002500134260003200159300000900191500003500200505001000235650004000245700002700285902000800312942000700320952011600327999001500443nice12345678IN_TiNIC20260116011918.0050524s1977 dela grp 000 0 urd  ac1000a297.409bSHA1 aSharib, Zahoorul Hasan aDilli Ke Bais Khwaja aDelhibTaj Publishersc1977 a271p aincludes index and biblioraphy2 aIndex aSufism-Hagiography-Delhi Until 16141 aSharib, Zahoorul Hasan bSRS cBK 001040708StackRoom-aHMIbHMId2007-07-03g10.00l0o297.409 SHA1p08949r2007-07-03v10.00w2005-05-24yBK c4887d4887